000 00467nam a2200193Ia 4500
003 OSt
005 20251220092010.0
008 250729s2007 xx 000 0 und d
040 _cAL
041 _aeng
082 _a020.2 GOKE
100 _aGovt of Karnataka
_9227323
245 _aEnglish Reader ,9th Std
260 _aಬೆಂಗಳೂರು
_c2007
300 _a151p
650 _aEnglish
_9227324
700 _aRao Digumurthi
_9227325
942 _2ddc
_cBED
999 _c237612
_d237612